Chicas bailarinas / (Registro nro. 266)
[ vista simple ]
| 000 -LEADER | |
|---|---|
| fixed length control field | 01539nam a22002177a 4500 |
| 003 - CONTROL NUMBER IDENTIFIER | |
| control field | OSt |
| 005 - DATE AND TIME OF LATEST TRANSACTION | |
| control field | 20240627094919.0 |
| 008 - FIXED-LENGTH DATA ELEMENTS--GENERAL INFORMATION | |
| fixed length control field | 240627s2014 ag ||||| |||| 00| 1 spa d |
| 020 ## - INTERNATIONAL STANDARD BOOK NUMBER | |
| International Standard Book Number | 978842642190 |
| 040 ## - CATALOGING SOURCE | |
| Transcribing agency | besoc |
| 100 1# - MAIN ENTRY--PERSONAL NAME | |
| Personal name | Atwood, Margaret, |
| Dates associated with a name | 1939-, |
| Relator term | autor |
| 245 10 - TITLE STATEMENT | |
| Title | Chicas bailarinas / |
| Statement of responsibility, etc. | Margaret Atwood |
| 250 ## - EDITION STATEMENT | |
| Edition statement | 1a ed. |
| 260 ## - PUBLICATION, DISTRIBUTION, ETC. | |
| Place of publication, distribution, etc. | Buenos Aires : |
| Name of publisher, distributor, etc. | Lumen, |
| Date of publication, distribution, etc. | 2014 |
| 300 ## - PHYSICAL DESCRIPTION | |
| Extent | 353 p. |
| 490 0# - SERIES STATEMENT | |
| Series statement | Lumen narrativa |
| 505 0# - FORMATTED CONTENTS NOTE | |
| Formatted contents note | El marciano -- Betty -- Polaridades -- Translúcida -- La tumba del famoso poeta -- Joyería capilar -- Cuando sucede -- Historia de un viaje -- El resplandeciente quetzal -- Aprendizaje -- Vidas de poetas -- Chicas bailarinas -- La Comepecados -- Dar a luz.- |
| 520 ## - SUMMARY, ETC. | |
| Summary, etc. | En plena madurez literaria, Atwood reunió una espléndida colección de cuentos en este volumen titulado Chicas bailarinas. Se trata de doce piezas perfectas, donde la autora utiliza sabiamente todas las perspectivas, modulaciones y técnicas para dar cuenta de esos detalles que convierten una vida cualquiera en una aventura extravagante. Quien se acerque a los personajes de Atwood -amas de casa, estudiantes, periodistas, granjeros, ornitólogos, ex esposas y amantes adolescentes- descubrirá que cada voz tiene su tono, que el humor de pronto se convierte en tragedia, y que el talento de la autora se niega a las soluciones fáciles: nada es tópico en Atwood, pero todo es tan probable que casi parece real. [Nota del editor] |
| 654 #4 - SUBJECT ADDED ENTRY--FACETED TOPICAL TERMS | |
| Focus term | Literatura canadiense |
| Form subdivision | Cuentos |
| Chronological subdivision | Siglo XXI |
| 942 ## - ADDED ENTRY ELEMENTS (KOHA) | |
| Source of classification or shelving scheme | Universal Decimal Classification |
| Koha item type | Obra General |
| Suppress in OPAC | No |
| Withdrawn status | Lost status | Source of classification or shelving scheme | Damaged status | Not for loan | Collection | Home library | Current library | Date acquired | Total checkouts | Full call number | Barcode | Date last seen | Price effective from | Koha item type |
|---|---|---|---|---|---|---|---|---|---|---|---|---|---|---|
| Universal Decimal Classification | Colección General | Biblioteca Escuela de Ciencias Sociales | Biblioteca Escuela de Ciencias Sociales | 27/06/2024 | 82-34(71) AT887 | 001091 | 27/06/2024 | 27/06/2024 | Obra General |